000 01727cam a22004814i 4500
003 PE-LiUPU
005 20250731184556.0
008 150625s r 000 0 d
020 _a0801031974
035 _a(Sirsi) i9780801031977
040 _aPE-LiUPU
_bspa
_cPE-LiUPU
_erda
049 _aPRUA
082 0 4 _a933
_bM28
_221
100 1 _aMatthews, Víctor H.,
_eautor.
245 1 0 _aStudying the ancient israelites :
_ba guide to sources and methods /
_cVíctor H. Matthews.
264 1 _aMichigan :
_bBaker Academic,
_c2007.
300 _a232 páginas :
_bilustraciones ;
_c22 centímetros
336 _atext
_2rdacontent
337 _aunmediated
_2rdamedia
338 _avolume
_2rdacarrier
505 0 _aHistorical Geography. -Archaeology. -Literary Approaches. -Social Sciences. -History and Historiography. .
526 _aP136
526 _aP135
526 _aP134
526 _aP133
526 _aP144
526 _aP143
526 _aP87
526 _aP35
526 _aP20
526 _aP14
526 _aP10
526 _aP06
541 _g103-8190058-5681041;
650 0 4 _aJudíos
_xCivilización
_yHacia 70 a. C.
650 0 4 _aJudíos
_xHistoria
_yHacia 70 a. C.
650 0 4 _aPalestina
_xCivilización antiguaistoriografía.
942 _2ddc
_cBOOK
949 _a933 M28
_wDEWEY
_c1
_i58650
_lCCODEBUL1
_mBUL
_p17.00
_r0
_sY
_tBOOK
_u2015-6-25
_xTEOLOGIA
_zUNKNOWN
_0COMPRA
_o.STAFF. Colección General
994 _aC0
_bPEPRU
596 _a1
999 _a933 M28
_wDEWEY
_c47531
_i58650
_f2021-11-11
_g5
_lCCODEBUL1
_mBUL
_p17.00
_r0
_sY
_tBOOK
_u2015-6-25
_xTEOLOGIA
_zUNKNOWN
_0COMPRA
_o.STAFF. Colección General
_d47531
980 _81
_gALBERTO SANCHEZ Responsable de Automatización